[Event "Montreal op U2000"]
[Site "Montreal CAN"]
[Date "2010.09.12"]
[Round "4"]
[White "Villeneuve, Robert"]
[Black "Chesnut, Walter"]
[Result "1-0"]
[WhiteElo "1909"]
[BlackElo "1648"]
[PlyCount "60"]
[EventDate "2010.09.10"]
[EventType "swiss"]
[EventRounds "5"]
[EventCountry "CAN"]

1. e4 e5 2. Nf3 Nc6 3. Bc4 Bc5 4. b4 Bxb4 5. c3 Ba5 6. d4 exd4 7. Qb3 Qe7 8.
O-O Nh6 9. cxd4 Qb4 10. Qd3 Qe7 11. Bg5 f6 12. Bxh6 gxh6 13. Nc3 Bxc3 14. Qxc3
d6 15. Bb5 Bd7 16. d5 Ne5 17. Bxd7+ Qxd7 18. Nd4 Rg8 19. Ne6 c6 20. f4 Nf7 21.
Rac1 c5 22. Rce1 Rc8 23. Qxf6 Rg6 24. Qc3 Ke7 25. f5 Rg4 26. f6+ Ke8 27. Rf3
Qa4 28. Rg3 Rxe4 29. Rxe4 Qxe4 30. Re3 Qb4 1-0

[Event "Montreal op U2000"]
[Site "Montreal CAN"]
[Date "2010.09.12"]
[Round "5"]
[White "Ramaswamy, Kiran"]
[Black "Morin, Louis"]
[Result "1-0"]
[WhiteElo "1898"]
[BlackElo "1857"]
[PlyCount "75"]
[EventDate "2010.09.10"]
[EventType "swiss"]
[EventRounds "5"]
[EventCountry "CAN"]

1. c4 e6 2. Nf3 d5 3. b3 c5 4. cxd5 exd5 5. d4 Nc6 6. e3 Nf6 7. Be2 cxd4 8.
Nxd4 Bb4+ 9. Bd2 Bxd2+ 10. Qxd2 Ne4 11. Nxc6 bxc6 12. Qd4 O-O 13. O-O c5 14.
Qb2 Qa5 15. Rd1 Bb7 16. Bf3 Ng5 17. Nd2 f5 18. Qe5 Rae8 19. Bxd5+ Kh8 20. Qg3
Bxd5 21. Qxg5 Rf6 22. Nc4 Qd8 23. f3 Qa8 24. Qf4 g5 25. Qc7 Rc6 26. Qd7 Bxc4
27. bxc4 Rce6 28. Rab1 R8e7 29. Qd8+ Qxd8 30. Rxd8+ Kg7 31. Rd5 Rxe3 32. Rxf5
Kg6 33. Rxc5 Re2 34. a4 Ra2 35. a5 h6 36. Rc6+ Kf5 37. Rxh6 Rxa5 38. g4+ 1-0

[Event "NAYCC U08"]
[Site "Montreal CAN"]
[Date "2010.08.16"]
[Round "1"]
[White "Balakrishnan, Praveen"]
[Black "Xi, Michael"]
[Result "1-0"]
[WhiteElo "1721"]
[BlackElo "662"]
[PlyCount "35"]
[EventDate "2010.08.16"]
[EventType "swiss"]
[EventRounds "7"]
[EventCountry "CAN"]

1. e4 e5 2. Nf3 d6 3. d4 exd4 4. Nxd4 c5 5. Nf3 g6 6. Bc4 Qd7 7. O-O Bg7 8. Ng5
Qg4 9. Nxf7 Nh6 10. Nxh6 Bxh6 11. Bxh6 Be6 12. f3 Qh5 13. Bxe6 Qxh6 14. Qxd6
Qe3+ 15. Kh1 Rg8 16. Rd1 Nd7 17. Qxd7+ Kf8 18. Qf7# 1-0

[Event "NAYCC U08"]
[Site "Montreal CAN"]
[Date "2010.08.16"]
[Round "1"]
[White "Berube, Louis-Alexandre"]
[Black "Yip, Mattew"]
[Result "0-1"]
[WhiteElo "695"]
[BlackElo "1191"]
[PlyCount "68"]
[EventDate "2010.08.16"]
[EventType "swiss"]
[EventRounds "7"]
[EventCountry "CAN"]

1. d4 d5 2. Nf3 c5 3. e3 Nc6 4. Nbd2 Bg4 5. h3 Bh5 6. Be2 e6 7. O-O cxd4 8.
exd4 Bd6 9. b3 Qb6 10. Nh4 Bxe2 11. Qxe2 Qxd4 12. Rb1 Qxh4 13. Bb2 Nd4 14. Qe1
Nxc2 15. Qc1 Nd4 16. g3 Qxh3 17. Bxd4 Bxg3 18. fxg3 Qxg3+ 19. Kh1 Qh4+ 20. Kg1
Qxd4+ 21. Kh1 Nf6 22. Nf3 Qb6 23. Ng5 O-O 24. Qd1 h6 25. Nf3 Ne4 26. Rg1 Nf2+
27. Kg2 Nxd1 28. Rgxd1 Rac8 29. Rh1 Rc2+ 30. Kg3 Rxa2 31. Rh3 Qd6+ 32. Kg4 Rg2+
33. Kh4 Qf4+ 34. Kh5 Qg4# 0-1

[Event "NAYCC U08"]
[Site "Montreal CAN"]
[Date "2010.08.16"]
[Round "1"]
[White "Cauchy-Vaillancourt, Marek"]
[Black "Miyaska, Marcus"]
[Result "0-1"]
[WhiteElo "744"]
[BlackElo "1527"]
[PlyCount "42"]
[EventDate "2010.08.16"]
[EventType "swiss"]
[EventRounds "7"]
[EventCountry "CAN"]

1. d4 d5 2. Bf4 Nf6 3. e3 e6 4. Bg5 Be7 5. Nf3 Nc6 6. Bd3 O-O 7. Bxf6 Bxf6 8.
O-O Bd7 9. Nbd2 Re8 10. Qe2 e5 11. g3 e4 12. Nxe4 dxe4 13. Bxe4 Rxe4 14. Qd3
Re8 15. c3 Qe7 16. d5 Ne5 17. Qe2 Bg4 18. h3 Bxf3 19. Qe1 Qd7 20. Qd2 Qxh3 21.
Qe1 Qh1# 0-1

[Event "NAYCC U08"]
[Site "Montreal CAN"]
[Date "2010.08.16"]
[Round "1"]
[White "Giovannetti, Grant"]
[Black "Berube, Leandre"]
[Result "0-1"]
[WhiteElo "1048"]
[BlackElo "677"]
[Annotator ",user"]
[PlyCount "50"]
[EventDate "2010.08.16"]
[EventType "swiss"]
[EventRounds "7"]
[EventCountry "CAN"]

1. e4 c5 2. b3 d6 3. Nf3 a6 4. Bc4 e6 5. O-O Nc6 6. d3 b5 7. Bg5 Nf6 8. Bxf6
Qxf6 9. Bd5 exd5 10. exd5 Qxa1 11. dxc6 Qxa2 12. Re1+ Be6 13. c7 Rc8 14. Ng5
Be7 15. Nc3 Qb2 16. Nd5 Bxg5 17. Ne3 O-O 18. h3 g6 19. Ng4 Rxc7 20. Kh2 Bxg4
21. hxg4 Rcc8 22. f4 Bh6 23. g3 Qd4 24. Kg2 Rfe8 25. Rxe8+ Rxe8 {etc.} 0-1

[Event "NAYCC U08"]
[Site "Montreal CAN"]
[Date "2010.08.16"]
[Round "1"]
[White "Ju, Lawrence"]
[Black "Van Raamsdonk, Raegan"]
[Result "1-0"]
[WhiteElo "971"]
[BlackElo "282"]
[PlyCount "51"]
[EventDate "2010.08.16"]
[EventType "swiss"]
[EventRounds "7"]
[EventCountry "CAN"]

1. e4 Nf6 2. Nc3 e5 3. Nf3 Nc6 4. Bc4 Bb4 5. Ng5 d6 6. Nxf7 Qe7 7. Nxh8 Qf8 8.
Bf7+ Qxf7 9. Nxf7 Kxf7 10. d3 Bg4 11. f3 Bh5 12. O-O Bxc3 13. bxc3 Re8 14. Rb1
g6 15. Rxb7 Nd8 16. Rxc7+ Nd7 17. Rxd7+ Ke6 18. Rxa7 Kf6 19. Rxh7 Ne6 20. g4
Nf8 21. Rh8 Ra8 22. gxh5 gxh5 23. f4 exf4 24. Rxf4+ Kg7 25. Rxh5 Kg6 26. Qg4#
1-0

[Event "NAYCC U08"]
[Site "Montreal CAN"]
[Date "2010.08.16"]
[Round "1"]
[White "Liao, Jun Kai"]
[Black "Boushy, Declan Paul"]
[Result "1-0"]
[WhiteElo "331"]
[BlackElo "704"]
[PlyCount "77"]
[EventDate "2010.08.16"]
[EventType "swiss"]
[EventRounds "7"]
[EventCountry "CAN"]

1. e4 c5 2. Bc4 e6 3. Qh5 Nf6 4. Qd1 Nxe4 5. d3 Nd6 6. Nf3 Nxc4 7. dxc4 b6 8.
Ne5 Bd6 9. Nd3 Bb7 10. Nf4 Bxf4 11. Bxf4 Bxg2 12. Rg1 Qh4 13. Be5 Qe4+ 14. Kd2
Qxe5 15. Rxg2 b5 16. cxb5 Qd5+ 17. Kc3 Qxg2 18. Qe1 Qh3+ 19. Kd2 Qg4 20. Nc3
Qd4+ 21. Kc1 O-O 22. Ne4 Qe5 23. a4 d5 24. Qd1 Qxe4 25. Ra3 Rc8 26. Qd2 c4 27.
f3 Qxf3 28. Rxf3 Re8 29. a5 e5 30. Qxd5 e4 31. Qxa8 e3 32. Rxe3 g6 33. Rxe8+
Kg7 34. Qxb8 f5 35. Rg8+ Kh6 36. b6 f4 37. bxa7 f3 38. Qg3 f2 39. Qxf2 1-0

[Event "NAYCC U08"]
[Site "Montreal CAN"]
[Date "2010.08.16"]
[Round "1"]
[White "Su, Michael"]
[Black "Sun, Nicholas (Xiaozhou)"]
[Result "1-0"]
[WhiteElo "1215"]
[BlackElo "696"]
[PlyCount "81"]
[EventDate "2010.08.16"]
[EventType "swiss"]
[EventRounds "7"]
[EventCountry "CAN"]

1. d4 d5 2. c4 e6 3. Nf3 Nc6 4. cxd5 exd5 5. Bf4 Nf6 6. h3 Bd6 7. Bxd6 cxd6 8.
Qc2 O-O 9. e3 a6 10. a3 b5 11. Qxc6 Bd7 12. Qxd6 Bf5 13. Qxd8 Rfxd8 14. Nc3
Rac8 15. Be2 Ne4 16. Rc1 Nxc3 17. Rxc3 Rxc3 18. bxc3 Rc8 19. Kd2 h6 20. Ne5 b4
21. axb4 f6 22. Nd3 Be4 23. Rg1 Kh7 24. Nc5 f5 25. Nxe4 dxe4 26. Bxa6 Rc6 27.
b5 Rb6 28. c4 Kg8 29. c5 Rb8 30. b6 Kf8 31. b7 Ke8 32. c6 Kd8 33. d5 Kc7 34.
Rb1 g5 35. Kc3 f4 36. Kc4 fxe3 37. Kc5 exf2 38. d6+ Kd8 39. c7+ Kd7 40. c8=Q+
Rxc8+ 41. bxc8=Q# 1-0

[Event "NAYCC U08"]
[Site "Montreal CAN"]
[Date "2010.08.16"]
[Round "1"]
[White "Zhang, Hou Han"]
[Black "Ponomarev, Denis"]
[Result "1-0"]
[WhiteElo "1030"]
[BlackElo "628"]
[PlyCount "77"]
[EventDate "2010.08.16"]
[EventType "swiss"]
[EventRounds "7"]
[EventCountry "CAN"]

1. e4 c5 2. c3 g6 3. d4 b6 4. Nf3 Bg7 5. Be2 e6 6. O-O Ne7 7. Be3 Qc7 8. Nbd2
e5 9. d5 O-O 10. Nb3 c4 11. Nc1 Bb7 12. d6 Qd8 13. dxe7 Qxe7 14. Bxc4 Bxe4 15.
Bd5 Nc6 16. Bxe4 Rfc8 17. Bxc6 dxc6 18. Bg5 Bf6 19. Bxf6 Qxf6 20. Nd3 e4 21.
Nd4 exd3 22. Qxd3 Rd8 23. Qg3 h5 24. Qc7 Kg7 25. Qxc6 Qxc6 26. Nxc6 Rd6 27. Nd4
Re8 28. Rad1 g5 29. Nf5+ Kf6 30. Nxd6 Re6 31. Nc4 Re4 32. Rd4 Re6 33. Rd6 Kf5
34. Rxe6 Kxe6 35. Re1+ Kd5 36. Nxb6+ axb6 37. b4 Kc4 38. Re7 Kxc3 39. Rxf7 1-0

[Event "NAYCC U08"]
[Site "Montreal CAN"]
[Date "2010.08.16"]
[Round "1"]
[White "Zhurbinsky, David"]
[Black "Kumar, Aravind"]
[Result "0-1"]
[WhiteElo "905"]
[BlackElo "1829"]
[PlyCount "76"]
[EventDate "2010.08.16"]
[EventType "swiss"]
[EventRounds "7"]
[EventCountry "CAN"]

1. e4 e6 2. Nf3 d5 3. exd5 exd5 4. Be2 Nf6 5. O-O Be7 6. d4 O-O 7. Nc3 h6 8.
Bf4 c6 9. Re1 Be6 10. Qd2 Nh7 11. Rad1 Qb6 12. Bd3 g5 13. Be5 Qxb2 14. Rb1 Qa3
15. Rb3 Qa5 16. Bxh7+ Kxh7 17. Qd3+ Kg8 18. Qe3 Nd7 19. Rxb7 Bb4 20. Bc7 Qa3
21. Rb1 Qxc3 22. R7xb4 Qxe3 23. fxe3 Bf5 24. c4 Bxb1 25. Rxb1 dxc4 26. Rc1 Nb6
27. Ne5 Nd5 28. Rxc4 Nxc7 29. Rxc6 Ne6 30. d5 Ng7 31. Rxh6 Rad8 32. e4 Rfe8 33.
Nc6 Rd7 34. e5 Rxd5 35. Rd6 Rxd6 36. exd6 Re1+ 37. Kf2 Rd1 38. Nxa7 Rxd6 0-1

[Event "NAYCC U08"]
[Site "Montreal CAN"]
[Date "2010.08.16"]
[Round "2"]
[White "Boushy, Declan Paul"]
[Black "Berube, Louis-Alexandre"]
[Result "1-0"]
[WhiteElo "1021"]
[BlackElo "695"]
[PlyCount "43"]
[EventDate "2010.08.16"]
[EventType "swiss"]
[EventRounds "7"]
[EventCountry "CAN"]

1. e4 c5 2. Nf3 Nf6 3. Bc4 d6 4. Ng5 Bd7 5. Nxf7 e6 6. Nxd8 Kxd8 7. Qf3 Bc6 8.
Nc3 d5 9. exd5 exd5 10. Bxd5 Bxd5 11. Nxd5 Be7 12. Nxe7 Kxe7 13. Qxb7+ Nbd7 14.
O-O Kd8 15. Qxa8+ Ke7 16. Qxh8 Nf8 17. Qxg7+ Ke6 18. Qxf8 Kf5 19. Qxc5+ Ke6 20.
Re1+ Kd7 21. Re7+ Kd8 22. Qc7# 1-0

[Event "NAYCC U08"]
[Site "Montreal CAN"]
[Date "2010.08.16"]
[Round "2"]
[White "Chen, Kelvin"]
[Black "Su, Michael"]
[Result "0-1"]
[WhiteElo "632"]
[BlackElo "1230"]
[PlyCount "66"]
[EventDate "2010.08.16"]
[EventType "swiss"]
[EventRounds "7"]
[EventCountry "CAN"]

1. e4 e6 2. Nf3 d5 3. e5 c5 4. Bb5+ Nd7 5. O-O a6 6. Ba4 b5 7. Bb3 c4 8. Bxc4
dxc4 9. b3 Nb6 10. bxc4 Nxc4 11. d3 Nxe5 12. Nxe5 Qd4 13. Qf3 Rb8 14. Nxf7 Bb7
15. Qe3 Qxa1 16. Qf4 Rc8 17. Nxh8 Qf6 18. Qxf6 Nxf6 19. Na3 Bxa3 20. Bg5 Ke7
21. Bxf6+ gxf6 22. Rb1 Rxh8 23. c4 b4 24. d4 Rg8 25. g3 h5 26. c5 h4 27. Rb3
hxg3 28. Rxg3 Rxg3+ 29. fxg3 Kd7 30. h4 Bb2 31. h5 Bxd4+ 32. Kf1 Bxc5 33. h6
Be4 0-1

[Event "NAYCC U08"]
[Site "Montreal CAN"]
[Date "2010.08.16"]
[Round "2"]
[White "Giovannetti, Grant"]
[Black "Balakrishnan, Praveen"]
[Result "0-1"]
[WhiteElo "1048"]
[BlackElo "1721"]
[PlyCount "118"]
[EventDate "2010.08.16"]
[EventType "swiss"]
[EventRounds "7"]
[EventCountry "CAN"]

1. Nf3 Nf6 2. d3 d5 3. Nbd2 Nc6 4. g3 g6 5. Bg2 Bg7 6. O-O O-O 7. e4 Bg4 8. Re1
Ne5 9. h3 Nxf3+ 10. Bxf3 Bxf3 11. Qxf3 dxe4 12. dxe4 Ne8 13. e5 c6 14. Nb3 f6
15. e6 f5 16. c3 Nc7 17. Bf4 Nd5 18. Red1 Qb6 19. c4 Nxf4 20. Qxf4 Bxb2 21.
Rab1 Ba3 22. Nd4 Bd6 23. Qh6 Qc5 24. Nf3 Bxg3 25. Rf1 Qxc4 26. Ng5 Qh4 27. Nf7
Qxh6 28. Nxh6+ Kg7 29. fxg3 Kxh6 30. Rxb7 Rfb8 31. Rxe7 Re8 32. Rxe8 Rxe8 33.
Re1 Kg5 34. e7 Kf6 35. Rc1 Rxe7 36. Rxc6+ Re6 37. Rc2 h5 38. Rf2 Re3 39. Kg2
Kg5 40. h4+ Kf6 41. Kh3 g5 42. Kg2 gxh4 43. gxh4 Ke5 44. Rb2 Kf4 45. Rf2+ Kg4
46. Kg1 Rg3+ 47. Kh2 Rf3 48. Rg2+ Kxh4 49. Kh1 Rh3+ 50. Kg1 Rg3 51. Kh2 Rxg2+
52. Kxg2 Kg4 53. Kf2 h4 54. Kg2 f4 55. Kf2 h3 56. Kg1 Kg3 57. Kh1 f3 58. Kg1
h2+ 59. Kf1 h1=R# 0-1

[Event "NAYCC U08"]
[Site "Montreal CAN"]
[Date "2010.08.16"]
[Round "2"]
[White "Kotsovolos, Nikolas"]
[Black "Zhurbinsky, David"]
[Result "0-1"]
[WhiteElo "691"]
[BlackElo "905"]
[PlyCount "83"]
[EventDate "2010.08.16"]
[EventType "swiss"]
[EventRounds "7"]
[EventCountry "CAN"]

1. e4 e5 2. Bc4 Nc6 3. d3 Bc5 4. Qf3 Qf6 5. Qxf6 Nxf6 6. Bg5 Nd4 7. Nc3 Nxc2+
8. Kd1 Nxa1 9. Nb5 O-O 10. Nxc7 Rb8 11. Bxf6 gxf6 12. h4 Bxf2 13. Nf3 d6 14.
Rf1 Bg3 15. Rh1 Bg4 16. Rf1 Bxh4 17. Rh1 Rfc8 18. Rxh4 Bxf3+ 19. Ke1 Nc2+ 20.
Kf2 Bxg2 21. Rg4+ Kf8 22. Rxg2 Rxc7 23. Kf1 Nd4 24. Bb3 Nxb3 25. axb3 Rc1+ 26.
Kf2 Rc2+ 27. Kg3 Rxg2+ 28. Kxg2 Rc8 29. b4 Rc2+ 30. Kf3 Rxb2 31. Ke3 Rxb4 32.
d4 exd4+ 33. Kd3 h5 34. e5 fxe5 35. Ke4 h4 36. Kd5 d3 37. Kxd6 e4 38. Ke5 h3
39. Kf6 h2 40. Ke5 d2 41. Kd5 f5 42. Ke5 0-1

[Event "NAYCC U08"]
[Site "Montreal CAN"]
[Date "2010.08.16"]
[Round "2"]
[White "Kumar, Aravind"]
[Black "Zhang, Hou Han"]
[Result "1-0"]
[WhiteElo "1829"]
[BlackElo "1030"]
[PlyCount "93"]
[EventDate "2010.08.16"]
[EventType "swiss"]
[EventRounds "7"]
[EventCountry "CAN"]

1. d4 Nf6 2. Nf3 e6 3. g3 b6 4. Bg2 Bb7 5. O-O Be7 6. c4 O-O 7. Nc3 d5 8. Qb3
dxc4 9. Qxc4 Bd5 10. Nxd5 Nxd5 11. e4 Nf6 12. Qc2 Nc6 13. Qxc6 Qd6 14. Qxd6
cxd6 15. Bg5 Rfe8 16. Bxf6 Bxf6 17. Rac1 Rac8 18. e5 dxe5 19. dxe5 Be7 20. Nd2
Bb4 21. Ne4 Red8 22. Nd6 Rxc1 23. Rxc1 g6 24. Rc8 Rxc8 25. Nxc8 Kg7 26. Nxa7
Kh6 27. Nc6 Bc5 28. b4 Bf8 29. b5 Kg5 30. f4+ Kf5 31. Nd8 f6 32. Bh3+ Ke4 33.
exf6 Kd5 34. Nxe6 Ba3 35. f7 Kc4 36. Bf1+ Kc3 37. f8=Q Bxf8 38. Nxf8 Kb2 39. a4
Kb3 40. a5 bxa5 41. b6 a4 42. b7 a3 43. b8=Q+ Ka2 44. Bc4+ Ka1 45. Qb3 a2 46.
Qc3+ Kb1 47. Bd3# 1-0

[Event "NAYCC U08"]
[Site "Montreal CAN"]
[Date "2010.08.16"]
[Round "2"]
[White "Miyaska, Marcus"]
[Black "Ju, Lawrence"]
[Result "1-0"]
[WhiteElo "1527"]
[BlackElo "971"]
[PlyCount "41"]
[EventDate "2010.08.16"]
[EventType "swiss"]
[EventRounds "7"]
[EventCountry "CAN"]

1. e4 e5 2. Nf3 Nc6 3. d4 exd4 4. Nxd4 Nxd4 5. Qxd4 Nf6 6. Nc3 Be7 7. Bc4 Bb4
8. Bxf7+ Kxf7 9. Qxb4 Rf8 10. O-O b6 11. Bg5 Bb7 12. Rad1 d6 13. Rfe1 Re8 14.
Qc4+ Kf8 15. e5 d5 16. Qh4 Re6 17. exf6 Rxe1+ 18. Rxe1 gxf6 19. Bxf6 Qd6 20.
Qh6+ Kf7 21. Qg7# 1-0

[Event "NAYCC U08"]
[Site "Montreal CAN"]
[Date "2010.08.16"]
[Round "2"]
[White "Sun, Nicholas (Xiaozhou)"]
[Black "Van Raamsdonk, Raegan"]
[Result "1-0"]
[WhiteElo "696"]
[BlackElo "282"]
[PlyCount "27"]
[EventDate "2010.08.16"]
[EventType "swiss"]
[EventRounds "7"]
[EventCountry "CAN"]

1. e4 e5 2. Nf3 Nf6 3. Nxe5 Nxe4 4. d3 Nc6 5. dxe4 Bb4+ 6. c3 Bc5 7. Nxc6 O-O
8. Nxd8 Rxd8 9. Bc4 Re8 10. Qd3 Re7 11. O-O Rb8 12. Qg3 d6 13. Bh6 Bd7 14.
Qxg7# 1-0

[Event "NAYCC U08"]
[Site "Montreal CAN"]
[Date "2010.08.16"]
[Round "2"]
[White "Xi, Michael"]
[Black "Berube, Leandre"]
[Result "0-1"]
[WhiteElo "662"]
[BlackElo "677"]
[PlyCount "60"]
[EventDate "2010.08.16"]
[EventType "swiss"]
[EventRounds "7"]
[EventCountry "CAN"]

1. c3 e5 2. f3 Nf6 3. e3 Be7 4. d3 O-O 5. Be2 Nc6 6. Bd2 b6 7. Nh3 Bb7 8. O-O
d6 9. g3 Bc8 10. Rf2 Bxh3 11. g4 Qd7 12. e4 Na5 13. b4 Nc6 14. b5 Na5 15. d4
exd4 16. cxd4 Nb7 17. Qb3 Na5 18. Bxa5 bxa5 19. Qa3 d5 20. Qxa5 dxe4 21. fxe4
Nxe4 22. Rf4 Qxd4+ 23. Kh1 Qxa1 24. Qb4 Bxb4 25. Bd3 Bc5 26. Bxe4 Rfe8 27. Bd3
Bd6 28. Rf3 Qb2 29. Rxh3 Re1+ 30. Bf1 Rxf1# 0-1

[Event "NAYCC U08"]
[Site "Montreal CAN"]
[Date "2010.08.17"]
[Round "3"]
[White "Berube, Leandre"]
[Black "Boushy, Declan Paul"]
[Result "0-1"]
[WhiteElo "677"]
[BlackElo "704"]
[PlyCount "56"]
[EventDate "2010.08.16"]
[EventType "swiss"]
[EventRounds "7"]
[EventCountry "CAN"]

1. e4 c5 2. Nf3 e6 3. Be2 Nc6 4. O-O b6 5. d3 Bb7 6. b3 g6 7. Bb2 Nf6 8. Nc3
Bg7 9. Ng5 O-O 10. Nb5 Ba6 11. Nd6 Ne8 12. Ndxf7 Qe7 13. Bxg7 Nxg7 14. Bf3 h6
15. e5 hxg5 16. Bxc6 dxc6 17. Qd2 Rxf7 18. Rae1 Nf5 19. Qe2 Rh7 20. Qe4 Bb7 21.
a4 Kf7 22. c3 Rah8 23. h3 Rh4 24. Qf3 g4 25. Qf4 gxh3 26. gxh3 Rxf4 27. b4 Rxh3
28. bxc5 Qg5# 0-1

[Event "NAYCC U08"]
[Site "Montreal CAN"]
[Date "2010.08.17"]
[Round "3"]
[White "Cauchy-Vaillancourt, Marek"]
[Black "Giovannetti, Grant"]
[Result "0-1"]
[WhiteElo "744"]
[BlackElo "1048"]
[PlyCount "80"]
[EventDate "2010.08.16"]
[EventType "swiss"]
[EventRounds "7"]
[EventCountry "CAN"]

1. d4 Nf6 2. Nf3 g6 3. Bf4 Bg7 4. e3 O-O 5. Bd3 Nc6 6. Nbd2 d6 7. Bg3 Re8 8.
O-O e5 9. c3 e4 10. Be2 exf3 11. Nxf3 Bf5 12. Bc4 d5 13. Bb5 a6 14. Bxc6 bxc6
15. Qb3 Rb8 16. Qd1 Rxb2 17. Rb1 Rxa2 18. Ra1 Rxa1 19. Qxa1 Bd3 20. Rd1 Bc4 21.
Nd2 Qc8 22. Nxc4 dxc4 23. Qa2 Qb7 24. Qxc4 Rb8 25. Qd3 Qb6 26. Be5 Ng4 27. f3
Nxe5 28. dxe5 Bxe5 29. f4 Bd6 30. g3 Bc5 31. Re1 Re8 32. Kh1 Rxe3 33. Rxe3 Bxe3
34. Qd8+ Kg7 35. Qd3 a5 36. c4 a4 37. Qc3+ Bd4 38. Qd3 c5 39. Qd1 Qc6+ 40. Qf3
Qxf3# 0-1

[Event "NAYCC U08"]
[Site "Montreal CAN"]
[Date "2010.08.17"]
[Round "3"]
[White "Ju, Lawrence"]
[Black "Chen, Kelvin"]
[Result "1-0"]
[WhiteElo "971"]
[BlackElo "632"]
[PlyCount "93"]
[EventDate "2010.08.16"]
[EventType "swiss"]
[EventRounds "7"]
[EventCountry "CAN"]

1. d4 d5 2. Nc3 e6 3. Bd2 Nf6 4. Nf3 Bb4 5. e3 O-O 6. Be2 Bd7 7. Nb5 Bxd2+ 8.
Qxd2 Bxb5 9. Bxb5 a6 10. Bd3 Qd6 11. O-O Nc6 12. Rad1 Nb4 13. a3 Nxd3 14. Qxd3
Qb6 15. b4 a5 16. bxa5 Qxa5 17. Ra1 b5 18. Rfb1 c6 19. Ne5 Ra6 20. c3 c5 21.
dxc5 Qc7 22. Qd4 Qa7 23. Rxb5 Rxa3 24. Rxa3 Qxa3 25. Qd1 Ra8 26. c4 Qa1 27.
Rb8+ Rxb8 28. Qxa1 h6 29. h3 Rc8 30. c6 Ne8 31. cxd5 exd5 32. Qa5 Nf6 33. c7
Kh7 34. Nxf7 Kg6 35. Nd6 Rxc7 36. Qxc7 Kh7 37. Nf5 Ne8 38. Qe5 Nf6 39. f3 Kg6
40. e4 dxe4 41. fxe4 Kh7 42. Qg3 g6 43. e5 Ne4 44. Qf4 Ng5 45. Nd6 Kg7 46. Qf6+
Kh7 47. Ne8 1-0

[Event "NAYCC U08"]
[Site "Montreal CAN"]
[Date "2010.08.17"]
[Round "3"]
[White "Lai, William"]
[Black "Miyaska, Marcus"]
[Result "1/2-1/2"]
[WhiteElo "1084"]
[BlackElo "1527"]
[PlyCount "88"]
[EventDate "2010.08.16"]
[EventType "swiss"]
[EventRounds "7"]
[EventCountry "CAN"]

1. e4 e5 2. Nf3 Nc6 3. d4 exd4 4. Bc4 Nf6 5. O-O Be7 6. e5 Ne4 7. Re1 d5 8.
exd6 Nxd6 9. Bb3 O-O 10. Nxd4 Nxd4 11. Qxd4 Bf6 12. Qd1 Bf5 13. Nd2 Qd7 14. c3
Rfe8 15. Nf3 Rxe1+ 16. Qxe1 Re8 17. Qd1 Bg4 18. Be3 Qe7 19. h3 Bh5 20. Qe2 Bg5
21. Re1 Nf5 22. g4 Nxe3 23. gxh5 Bf4 24. fxe3 Bxe3+ 25. Kf1 Qf6 26. Qg2 Qa6+
27. Qe2 Qf6 28. Bd1 Qf5 29. Kg2 Qxh5 30. Qf2 Qg6+ 31. Kh2 Bf4+ 32. Kh1 Rd8 33.
Qe2 Qc6 34. Bb3 Qd7 35. Qg2 h6 36. Rg1 Bg5 37. h4 Bf6 38. Qg6 Kf8 39. Qg4 Qc6
40. Kh2 Qd6+ 41. Qg3 Qc5 42. Rf1 Rd2+ 43. Nxd2 Be5 44. Rxf7+ Ke8 1/2-1/2

[Event "NAYCC U08"]
[Site "Montreal CAN"]
[Date "2010.08.17"]
[Round "3"]
[White "Ponomarev, Denis"]
[Black "Xi, Michael"]
[Result "1-0"]
[WhiteElo "628"]
[BlackElo "662"]
[PlyCount "49"]
[EventDate "2010.08.16"]
[EventType "swiss"]
[EventRounds "7"]
[EventCountry "CAN"]

1. e4 e5 2. Nf3 d6 3. Nc3 Be7 4. Bc4 Nf6 5. Bd5 Be6 6. Bxb7 Nbd7 7. Bxa8 Qxa8
8. Qe2 Qd8 9. O-O O-O 10. Na4 Nc5 11. b3 Nxa4 12. bxa4 Qd7 13. h3 h6 14. Ba3 d5
15. exd5 Bxd5 16. Nxe5 Qxa4 17. Bxe7 Re8 18. Bxf6 Bc4 19. Qe4 gxf6 20. Qg4+ Kh8
21. Nxf7+ Kh7 22. d3 Bxf7 23. Qxa4 Ra8 24. Qe4+ Bg6 25. Qxa8 1-0

[Event "NAYCC U08"]
[Site "Montreal CAN"]
[Date "2010.08.17"]
[Round "3"]
[White "Su, Michael"]
[Black "Kumar, Aravind"]
[Result "0-1"]
[WhiteElo "1230"]
[BlackElo "1829"]
[PlyCount "128"]
[EventDate "2010.08.16"]
[EventType "swiss"]
[EventRounds "7"]
[EventCountry "CAN"]

1. e4 e6 2. d4 d5 3. Nc3 Nf6 4. e5 Nfd7 5. Be3 c5 6. Qg4 Nc6 7. Nge2 cxd4 8.
Bxd4 Ndxe5 9. Qg3 Ng6 10. Be3 Bd6 11. Bf4 Nxf4 12. Nxf4 g5 13. Nxe6 Bxe6 14.
Qd3 Bb4 15. O-O-O Bxc3 16. Qxc3 f6 17. Bb5 Rc8 18. Rhe1 Kf7 19. Qe3 Re8 20.
Bxc6 Rxc6 21. Qxa7 Qa8 22. Qxa8 Rxa8 23. Kb1 Rac8 24. c3 Rb6 25. Ka1 Ra8 26.
Rd4 Rba6 27. a3 Ra4 28. Rd2 Rd8 29. Rde2 Re4 30. f3 Rxe2 31. Rxe2 Re8 32. Rd2
Rc8 33. Rd4 Rc4 34. Rd1 h5 35. Kb1 h4 36. h3 b5 37. Rd2 Ke7 38. Rd1 Kd6 39. Rd2
Rf4 40. b4 Bxh3 41. gxh3 Rxf3 42. Rh2 Rxc3 43. Kb2 Rf3 44. Rh1 Ke5 45. Re1+ Kf4
46. Rd1 Ke4 47. Re1+ Kf5 48. Rd1 Ke6 49. Re1+ Kd6 50. Rh1 d4 51. Kc2 Rxa3 52.
Kb2 Rf3 53. Kc2 Kd5 54. Kb2 Kc4 55. Rc1+ Kxb4 56. Rd1 d3 57. Rd2 f5 58. Rh2 Re3
59. Kb1 Kc3 60. Rh1 d2 61. Rd1 Re1 62. Rxe1 dxe1=Q+ 63. Ka2 Qd2+ 64. Ka3 Qb2#
0-1

[Event "NAYCC U08"]
[Site "Montreal CAN"]
[Date "2010.08.17"]
[Round "3"]
[White "Van Raamsdonk, Raegan"]
[Black "Kotsovolos, Nikolas"]
[Result "0-1"]
[WhiteElo "282"]
[BlackElo "691"]
[PlyCount "20"]
[EventDate "2010.08.16"]
[EventType "swiss"]
[EventRounds "7"]
[EventCountry "CAN"]

1. e4 e5 2. Nf3 Nc6 3. Bb5 Bc5 4. O-O h5 5. Nc3 d6 6. Re1 Rh6 7. Qe2 Rg6 8. d3
Qd7 9. Bd2 Qg4 10. Rad1 Qxg2# 0-1

[Event "NAYCC U08"]
[Site "Montreal CAN"]
[Date "2010.08.17"]
[Round "3"]
[White "Zhang, Hou Han"]
[Black "Sun, Nicholas (Xiaozhou)"]
[Result "0-1"]
[WhiteElo "1030"]
[BlackElo "696"]
[PlyCount "162"]
[EventDate "2010.08.16"]
[EventType "swiss"]
[EventRounds "7"]
[EventCountry "CAN"]

1. e4 e5 2. Nf3 Nc6 3. d4 d6 4. d5 Nce7 5. Be2 Nf6 6. Nc3 Ng6 7. Bg5 h6 8. Bxf6
Qxf6 9. Nb5 Qd8 10. O-O c6 11. Nc3 Be7 12. Qd2 O-O 13. Nd1 Bg4 14. Ne3 Bxf3 15.
Bxf3 Qb6 16. b3 Bg5 17. Rfe1 cxd5 18. Qxd5 Rac8 19. c4 Qc5 20. Qxc5 Rxc5 21.
Nd5 Bd2 22. Red1 Bc3 23. Rac1 Bd4 24. Bh5 Nf4 25. Nxf4 exf4 26. Rxd4 Rd8 27.
Rcd1 Rxh5 28. Rxd6 Rxd6 29. Rxd6 Re5 30. f3 Ra5 31. Rd2 a6 32. a4 b5 33. b4
Rxa4 34. cxb5 axb5 35. Rd4 Ra1+ 36. Kf2 Ra2+ 37. Ke1 Rxg2 38. Rd2 Rg1+ 39. Ke2
Rb1 40. Rd4 Rb2+ 41. Ke1 Rxh2 42. Rd2 Rxd2 43. Kxd2 Kf8 44. Ke2 Ke7 45. Kf2 Kf6
46. Kg2 Kg5 47. Kh3 h5 48. Kh2 f5 49. e5 Kg6 50. Kh3 Kf7 51. Kh4 g6 52. Kg5 Ke6
53. Kxg6 Kxe5 54. Kxh5 Kd4 55. Kg5 Ke3 56. Kxf5 Kxf3 57. Ke5 Kg3 58. Ke4 f3 59.
Ke3 f2 60. Ke2 Kg2 61. Ke3 f1=R 62. Kd4 Rc1 63. Kd5 Kf2 64. Kd6 Ke2 65. Kd5 Kd2
66. Kd4 Rc2 67. Kd5 Kc1 68. Kd6 Kb2 69. Kd5 Kb3 70. Kd4 Kxb4 71. Kd5 Ka4 72.
Kd4 b4 73. Ke3 b3 74. Kd4 b2 75. Kd3 b1=Q 76. Ke3 Qd1 77. Ke4 Re2+ 78. Kf5 Qf1+
79. Kg4 Rg2+ 80. Kh4 Qf4+ 81. Kh3 Qh2# 0-1